| 000 | 00906nac a22002771i 4500 | ||
|---|---|---|---|
| 003 | EG-ScBUE | ||
| 005 | 20230531110906.0 | ||
| 008 | 230531t1993 enka f b 001 0 eng d | ||
| 020 | _a0500279187 | ||
| 020 | _a9780500279182 | ||
| 040 |
_aEG-ScBUE _beng _erda _cEG-ScBUE _dEG-ScBUE |
||
| 082 | 0 | 4 |
_a700.904 _bPOP _222 |
| 100 | 1 |
_aPopper, Frank, _eauthor. |
|
| 245 | 1 | 0 |
_aArt of the electronic age / _cFrank Popper. |
| 264 | 1 |
_aLondon : _bThames and Hudson Ltd, _c[1993] |
|
| 264 | 4 | _cc1993 | |
| 300 |
_a192 pages : _billustrations (chiefly color) ; _c27 cm |
||
| 336 |
_2rdacontent _atext _btxt |
||
| 337 |
_2rdamedia _aunmediated _bn |
||
| 338 |
_2rdacarrier _avolume _bnc |
||
| 504 | _aIncludes bibliographical references and index. | ||
| 650 | 7 |
_aArt and electronics. _2BUEsh |
|
| 650 | 7 |
_aArt, Modern _y20th century _xThemes, motives. _2BUEsh |
|
| 655 | _vReading book | ||
| 942 |
_cBB _2ddc |
||
| 999 |
_c9666 _d9666 |
||